| 000 | 01199nam0a22003011 4500 | ||
|---|---|---|---|
| 001 | rc\4324603 | ||
| 005 | 20250612050514.0 | ||
| 021 |
_aRU _b[65-47941] |
||
| 035 | _a(NLR Aleph) 008514306 | ||
| 090 |
_a8188599 _c8188599 |
||
| 100 | _a20130416d1965 |||y0rusy50 ca | ||
| 101 | 0 | _arus | |
| 102 | _aRU | ||
| 105 | _aa z |||a| | ||
| 200 | 1 |
_aЕвпатория - город солнца _eКраткий рассказ об истории города _eСоветы отдыхающим на Евпаторийском курорте _eКому рекомендовано лечение в Евпатории |
|
| 210 |
_a[Симферополь] _cКрым _d1965 |
||
| 215 |
_a141 с., 6 л. ил. _cил. _d17 |
||
| 300 | _aНа переплете авт. не указаны | ||
| 320 | _aБиблиогр.: с. 140 | ||
| 607 |
_aЕвпатория, курорт _2psbo |
||
| 700 | 1 |
_aГригорьев _bН.Н. _gНиколай Николаевич |
|
| 701 | 1 |
_aСеверинов _bС.С. _gСергей Степанович |
|
| 712 | 0 | 2 | _aЕвпатория, курорт |
| 801 | 0 |
_aRU _bNLR _gpsbo |
|
| 801 | 1 |
_aRU _bELAR _2rusmarc |
|
| 852 |
_aNLR _j65-2/1404 |
||
| 942 | _cBOOK | ||
| 980 | _aNB | ||